000 00391nam a22001697a 4500
003 UA-OsUOA
001 5728
007 ta
008 20050721b un ||||| |||| 00| 0 ukr d
100 _aKorunets
700 _aIlko V.
942 _cBK
040 _aUA-OsUOA
_cUA-OsUOA
_dUA-OsUOA
245 _aContrastive Typology of the Eng. and Ukr. Language
_bLinguistics
955 _a2
650 7 _2UDC
999 _c291890
_d291890